000 00821nam a2200241 a 4500
001 BRCA_3597
005 20190320204340.0
008 110809s1928----sp-a---###---#000-0#spa-#
041 _aspa
044 _asp
050 4 _aNK7198.S2
_b.B48 1928
100 1 _aBetí Bonfill, Manuel
_99338
245 1 0 _aArte medieval
_bLos Santalinea, orfebres de Morella
_cestudio de Manuel Betí Bonfill.
260 _aCastellon, España
_bSociedad Castellonense de Cultura
_c1928
300 _a116 p.
_bil., 18 láminas
_c21 cm.
500 _aIncluye índice de nombres propios, índice de lugares, índice de láminas e índice general
500 _aB267
600 1 4 _aSantalinea, familia
_99339
650 1 4 _aPlatería
_zMorella, España
_99340
650 1 4 _aOrfebrería
_zMorella, España
_99341
902 _aGFM
942 _2lcc
_cB
999 _c3332
_d3332